| 000 | 00465cam a22001693a 4500 | ||
|---|---|---|---|
| 020 | _a0590685376 (pbk.) : | ||
| 040 | _cOCO | ||
| 082 | _a813 SCH 1999 A094 Or. | ||
| 100 | 1 | _aStine, R. L. | |
| 245 | 1 | 0 | _aEarth geeks must go! / |
| 260 |
_aNew York : _bScholastic, _cc1999. |
||
| 300 |
_a114 p. ; _c20 cm. |
||
| 490 | 1 | _aGoosebumps series 2000 ; | |
| 500 | _a"An Apple paperback." | ||
| 710 | 2 | _aCopyright Paperback Collection (Library of Congress) | |
| 942 | _cEK | ||
| 999 |
_c12710 _d12710 |
||